Le professeur docteur de Cortejarena de Madrid. (Record no. 170221)

MARC details
000 -LEADER
campo de control de longitud fija 00852nam a22001935i 4500
001 - NÚMERO DE CONTROL
campo de control 170221
003 - IDENTIFICADOR DE NÚMERO DE CONTROL
campo de control ES-MaACL
005 - FECHA Y HORA DE LA ÚLTIMA TRANSACCIÓN
campo de control 20231222193943.0
008 - DATOS DE LONGITUD FIJA--INFORMACIÓN GENERAL
campo de control de longitud fija 090213s1896 fr |||| | fre d
080 ## - NÚMERO DE LA CLASIFICACIÓN DECIMAL UNIVERSAL
Número de la Clasificación Decimal Universal 929 Cortejarena y Aldevó, Francisco de
245 03 - MENCIÓN DEL TÍTULO
Título Le professeur docteur de Cortejarena de Madrid.
260 ## - PUBLICACIÓN, DISTRIBUCIÓN, ETC.
Lugar de publicación, distribución, etc. [Paris :
Nombre del editor, distribuidor, etc. L'Encyclopédie Contemporaine Illustrée,
Fecha de publicación, distribución, etc. 1896]
300 ## - DESCRIPCIÓN FÍSICA
Extensión P. [265]-272 :
Otras características físicas il. ;
Dimensiones 40 cm.
500 ## - NOTA GENERAL
Nota general Artículo recogido en el nº 347, del 31 de diciembre de 1896 en la publicación: L'Encyclopédie Contemporaine Illustrée"
600 14 - PUNTO DE ACCESO ADICIONAL DE MATERIA--NOMBRE DE PERSONA
Nombre de persona Cortejarena y Aldebó, Francisco de,
Fechas asociadas al nombre 1835-1919
9 (RLIN) 145203
740 2# - ENTRADA AGREGADA--TÍTULO RELACIONADO/ANALÍTICO NO CONTROLADO
Título relacionado o analítico no controlado L'Encyclopédie Contemporaine Illustrée.
852 ## - LOCALIZACIÓN
Ubicación ES-MaACL
Número de control de estantería T-770-F-12
Nota libre .- Dedicatoria autógrafa de Francisco Cortejarena a la biblioteca del Ateneo de Madrid
Holdings
Estatus retirado Estado de pérdida Estado de daño No para préstamo Colección Biblioteca de origen Biblioteca actual Ubicación en estantería Fecha de adquisición Fuente de adquisición Total de préstamos Signatura topográfica completa Código de barras Visto por última vez Precio de reemplazo Tipo de ítem Koha
        Colección de folletos Biblioteca del Ateneo de Madrid Biblioteca del Ateneo de Madrid Depósito folletos 13/02/2009     T-770-F-12 1178708 23/02/2023 23/02/2023 Folleto